NCAA Institutions in New York - Statistics

General Stats
  • This quiz has been taken 19 times
  • The average score is 33 of 96
Answer Stats
Conference School Team Name % Correct
Division I MAC SUNY Buffalo Bulls
100%
Division I Ivy League Columbia Lions
92%
Division III UAA New York Violets
92%
Division I America East SUNY Albany Great Danes
92%
Division I ACC Syracuse Orange
92%
Division I Northeast Long Island Sharks
83%
Division I MAAC Manhattan Jaspers
83%
Division I CAA Stony Brook Seawolves
83%
Division I America East SUNY Binghamton Bearcats
83%
Division I Ivy League Cornell Big Red
75%
Division I Atlantic 10 Fordham Rams
75%
Division I Patriot Colgate Raiders
67%
Division I MAAC Marist Red Foxes
67%
Division I Patriot Military Academy Black Knights
67%
Division III UAA Rochester Yellowjackets
67%
Division I Atlantic 10 St. Bonaventure Bonnies
67%
Division I CAA Hofstra Pride
58%
Division I MAAC Iona Gaels
58%
Division I MAAC Niagara Purple Eagles
58%
Division II East Coast Queens Knights
58%
Division III Liberty Skidmore Thoroughbreds
58%
Division I Big East St. John's Red Storm
58%
Division III CUNYAC Brooklyn College Bulldogs
50%
Division I MAAC Canisius Golden Griffins
50%
Division III CUNYAC City College of New York Beavers
50%
Division I Northeast Le Moyne Dolphins
50%
Division III Liberty Rensselaer Polytechnic Institute Engineers
50%
Division III Liberty Rochester Institute of Technology Tigers
50%
Division I MAAC Siena Saints
50%
Division III SUNYAC SUNY Oneonta Red Dragons
50%
Division III Skyline Yeshiva Maccabees
50%
Division III Liberty Ithaca Bombers
42%
Division II East Coast Staten Island Dolphins
42%
Division III SUNYAC SUNY Geneseo Knights
42%
Division III SUNYAC SUNY New Paltz Hawks
42%
Division III SUNYAC SUNY Oswego Lakers
42%
Division I Northeast Wagner Seahawks
42%
Division III CUNYAC Baruch Bearcats
33%
Division III SUNYAC Buffalo State Bengals
33%
Division III Liberty Clarkson Golden Knights
33%
Division III NESCAC Hamilton Continentals
33%
Division III Empire 8 SUNY Brockport Golden Eagles
33%
Division III Empire 8 Utica Pioneers
33%
Division III Liberty Vassar Brewers
33%
Division III CUNYAC York Cardinals
33%
Division II Northeast-10 Adelphi Panthers
25%
Division III Empire 8 Alfred Saxons
25%
Division III Allegheny Mountain Alfred State Pioneers
25%
Division III Liberty Bard Raptors
25%
Division III Liberty Hobart Statesmen
25%
Division III Skyline Manhattanville Valiants
25%
Division II Northeast-10 Pace Setters
25%
Division III Empire 8 St. John Fisher Cardinals
25%
Division III North Atlantic SUNY Canton Kangaroos
25%
Division III SUNYAC SUNY Cortland Red Dragons
25%
Division III SUNYAC SUNY Fredonia Blue Devils
25%
Division III SUNYAC SUNY Potsdam Bears
25%
Division III Liberty Union Garnet Chargers
25%
Division II East Coast D'Youville Saints
17%
Division III Empire 8 Elmira Soaring Eagles
17%
Division III Empire 8 Hartwick Hawks
17%
Division III CUNYAC John Jay Bloodhounds
17%
Division III Empire 8 Keuka Wolves
17%
Division III Skyline Merchant Marine Academy Mariners
17%
Division III Empire 8 Nazareth Golden Flyers
17%
Division III Skyline Sarah Lawrence Gryphons
17%
Division III Liberty St. Lawrence Saints
17%
Division III Skyline SUNY Maritime College Privateers
17%
Division III Skyline SUNY Old Westbury Panthers
17%
Division III SUNYAC SUNY Plattsburgh Cardinals
17%
Division III Liberty William Smith Herons
17%
Division II East Coast Daemen Wildcats
8%
Division II Central Atlantic Dominican Chargers
8%
Division III Allegheny Hilbert Hawks
8%
Division III Empire 8 Houghton Highlanders
8%
Division III CUNYAC Hunter Hawks
8%
Division III CUNYAC Lehman Lightning
8%
Division III CUNYAC Medgar Evers Cougars
8%
Division II East Coast Mercy Mavericks
8%
Division II East Coast Molloy Lions
8%
Division III Skyline Mount Saint Mary Knights
8%
Division III Skyline Mount Saint Vincent Dolphins
8%
Division III Atlantic East Pratt Institute Cannoneers
8%
Division II East Coast Roberts Wesleyan Redhawks
8%
Division III Empire 8 Russell Sage Gators
8%
Division III Skyline St. Joseph's-Brooklyn Bears
8%
Division III Skyline St. Joseph's-Long Island Golden Eagles
8%
Division II East Coast St. Thomas Aquinas Spartans
8%
Division III North Atlantic SUNY Cobleskill Fighting Tigers
8%
Division III North Atlantic SUNY Delhi Broncos
8%
Division III Skyline SUNY Farmingdale Rams
8%
Division III SUNYAC SUNY Morrisville Mustangs
8%
Division III Empire 8 SUNY Polytechnic Institute Wildcats
8%
Division III Skyline SUNY Purchase Panthers
8%
Division III SUNYAC Cazenovia Wildcats
0%
Division III United East Wells Express
0%
No matching quizzes found
Score Distribution
Percent of People with Each Score
Percentile by Number Answered
Your Score History
You have not taken this quiz